Compilación Legislativa de Instrucción Pública... (Record no. 46246)

MARC details
000 -LEADER
campo de control de longitud fija 00386nam a2200145 i 4500
001 - NÚMERO DE CONTROL
campo de control 46246
003 - IDENTIFICADOR DE NÚMERO DE CONTROL
campo de control ES-MaACL
007 - CAMPO FIJO DE DESCRIPCIÓN FÍSICA--INFORMACIÓN GENERAL
campo de control de longitud fija t|
008 - DATOS DE LONGITUD FIJA--INFORMACIÓN GENERAL
campo de control de longitud fija 030328m18761879sp ||||1| spa d
245 00 - MENCIÓN DEL TÍTULO
Título Compilación Legislativa de Instrucción Pública...
250 ## - MENCION DE EDICION
Mención de edición ed. oficial.
260 ## - PUBLICACIÓN, DISTRIBUCIÓN, ETC.
Lugar de publicación, distribución, etc. Madrid :
Nombre del editor, distribuidor, etc. [s.n.,
Fecha de publicación, distribución, etc. 1876-79] (
Fabricante Fortanet)
300 ## - DESCRIPCIÓN FÍSICA
Extensión 3 v. ;
Dimensiones 29 cm.
852 ## - LOCALIZACIÓN
Ubicación ES-MaACL
Número de control de estantería B-8917-19
Holdings
Estatus retirado Estado de pérdida Estado de daño No para préstamo Colección Biblioteca de origen Biblioteca actual Ubicación en estantería Fecha de adquisición Fuente de adquisición Total de préstamos Signatura topográfica completa Código de barras Visto por última vez Precio de reemplazo Tipo de ítem Koha
        Libros del s. XIX Biblioteca del Ateneo de Madrid Biblioteca del Ateneo de Madrid Sala Pardo Bazán 17/01/2008     B-8917-19 1048643 23/02/2023 23/02/2023 Libro impreso antiguo